Eurovision Song Lyrics - Portugal - Statistics

General Stats
  • This quiz has been taken 23 times
  • The average score is 70 of 153
Answer Stats
Answer % Correct
a
95%
I
90%
o
85%
be
70%
E
65%
me
65%
no
65%
in
60%
se
60%
60%
can
55%
Saudade
55%
saudade
55%
say
55%
way
55%
better
50%
it
50%
Nothing
50%
Says
50%
that
50%
to
50%
I've
45%
more
45%
que
45%
tried
45%
de
40%
gone
40%
meu
40%
million
40%
não
40%
oh
40%
on
40%
other
40%
songs
40%
write
40%
you're
40%
amigo
35%
And
35%
but
35%
But
35%
can't
35%
it's
35%
my
35%
por
35%
Somehow
35%
for
30%
killing
30%
know
30%
abrigo
25%
always
25%
by
25%
move
25%
one's
25%
side
25%
Tem
25%
time
25%
uma
25%
agora
20%
alright
20%
comigo
20%
fault
20%
inside
20%
melhor
20%
palavra
20%
Perdi
20%
sentido
20%
tanto
20%
trago
20%
porto
15%
Takes
15%
Thought
15%
you'd
15%
demais
10%
faz
10%
Foi
10%
nada
10%
peço
10%
Resta
10%
sempre
10%
sinais
10%
No matching quizzes found
Score Distribution
Percent of People with Each Score
Percentile by Number Answered
Your Score History
You have not taken this quiz